Environmental collective action, justice and institutional change in Argentina /
Guardado en:
| Hovedforfatter: | |
|---|---|
| Andre forfattere: | |
| Format: | Texto |
| Tags: |
Tilføj Tag
Ingen Tags, Vær først til at tagge denne postø!
|
MARC
| LEADER | 00000 a a2200000 04500 | ||
|---|---|---|---|
| 001 | 47171 | ||
| 003 | |||
| 040 | |||
| 100 | |a Merlinsky, María Gabriela | ||
| 245 | |a Environmental collective action, justice and institutional change in Argentina / |c María Gabriela Merlinsky, Alex Latta | ||
| 700 | |a Latta, Alex | ||
| 773 | |g páginas 190-208 | ||
| 999 | |c 37431 |d 37431 | ||
